Marketing Management (Record no. 3351)

MARC details
000 -LEADER
fixed length control field 00350nam a22001577a 4500
005 - DATE AND TIME OF LATEST TRANSACTION
control field 20160621112149.0
008 - FIXED-LENGTH DATA ELEMENTS--GENERAL INFORMATION
fixed length control field 160621b xxu||||| |||| 00| 0 eng d
041 ## - LANGUAGE CODE
Language code of text/sound track or separate title eng
082 ## - DEWEY DECIMAL CLASSIFICATION NUMBER
Item number 8688
100 ## - MAIN ENTRY--AUTHOR NAME
Personal name Chatterjee, B.K
245 ## - TITLE STATEMENT
Title Marketing Management
260 ## - PUBLICATION, DISTRIBUTION, ETC. (IMPRINT)
Name of publisher Jaico
Year of publication 1995
300 ## - PHYSICAL DESCRIPTION
Number of Pages 239
650 ## - SUBJECT ADDED ENTRY--TOPICAL TERM
Topical Term Management
942 ## - ADDED ENTRY ELEMENTS (KOHA)
Koha item type Books
Holdings
Lost status Damaged status Collection code Home library Current library Shelving location Date acquired Cost, normal purchase price Full call number Accession Number Koha item type
    MANAGEMENT JRU Library   SHELF- 66 F 21/06/2016 175.00 8688 8688 Books